000 00479nam a22001817a 4500
003 NUST - PNEC
005 20170116180818.0
008 150610b xxu||||| |||| 00| 0 eng d
020 _a-
040 _cLIBRARY
082 _a510 HOO
100 _93817
_aHooper, Alfred
245 _aMakes of mathematics (Photocopy)
_cAlfred Hooper
260 _aLondon:
_bFaber and Faber Limited.,
300 _avarious pagings
_c22 cm.
650 _93819
_aMathematics
_xME
942 _2ddc
_cBK
999 _c63596
_d63596